000 00738nam a2200205Ia 4500
999 _c46523
_d46523
001 13362
003 GE_BSU
005 20240906174044.0
008 181216s2012||||ru |||||||||||||| ||rus||
020 _a9785906016041
040 _cGE_BSU
080 _a141.336 Ш-61
100 _aШиммель, Аннемари
_923181
245 _aМир исламского мистицизма /
_cАннемари Шиммель ; Пер. с англ. Н. И. Пригариной, А. С. Рапопорт.
250 _a2-ое изд-е испр. и допол.
264 _aМосква :
_bООО Садра,
_c2012.
300 _a536 стр. ;
_c22 см.
653 _aМир исламского мистицизма
942 _cBK
_2udc